Football - Les 10 Joueurs avec les transferts les plus élevés - Statistiques

Statistiques générales
  • Ce quiz a été pris 309 fois
  • Le résultat moyen est 7 sur 10
Statistiques - réponses
Revenu de transfert Début Transfert(s) Nationalité Réponse % Correct
400 000 000 € 2009/2010 3 Brésil Neymar
99%
247 000 000 € 2002/2003 4 Portugal Cristiano Ronaldo
98%
180 000 000 € 2015/2016 1 France Kylian Mbappé
97%
369 220 000 € 2009/2010 9 Belgique Romelu Lukaku
82%
182 000 000 € 2009/2010 4 France Antoine Griezmann
68%
220 000 000 € 2015/2016 3 France Ousmane Dembélé
60%
190 200 000 € 2018/2019 3 Portugal Joao Félix
57%
202 000 000 € 2010/2011 7 Espagne Alvaro Morata
49%
197 500 000 € 2016/2017 3 Pays-Bas Matthijs de Ligt
48%
180 300 000 € 2008/2009 5 Brésil Philippe Coutinho
34%
Aucun quiz correspondant
Distribution des résultats
% des personnes avec chaque résultat
Percentile par nombre de réponses
Votre historique - résultats
Vous n’avez pas pris ce quiz